La crisi dell'Islam: le radici dell'odio verso l'Occidente
Saved in:
| Hovedforfatter: | |
|---|---|
| Format: | Bog |
| Sprog: | italiensk |
| Udgivet: |
Milán
Mondadori
2004
|
| Udgivelse: | 1a. ed |
| Fag: | |
| Tags: |
Tilføj Tag
Ingen Tags, Vær først til at tagge denne postø!
|
MARC
| LEADER | 00000cam a2200000 a 4500 | ||
|---|---|---|---|
| 001 | UCE9331 | ||
| 003 | CL-VaPUC | ||
| 008 | 151016e20040000it |||||||||||||||||ita|d | ||
| 020 | |a 8804524472 | ||
| 082 | 0 | 4 | |a 297 |b LEW |2 21 |
| 100 | |a Lewis, Bernard |e author |9 582148 | ||
| 245 | 1 | 3 | |a La crisi dell'Islam: le radici dell'odio verso l'Occidente |
| 250 | |a 1a. ed | ||
| 300 | |a 166 p | ||
| 942 | |c BK | ||
| 945 | |d 20151016 11:50:00 |a dcastane | ||
| 260 | |a Milán |b Mondadori |c 2004 | ||
| 650 | 0 | |a Islamismo |9 314084 | |
| 650 | 0 | |a Árabes |9 316264 | |
| 650 | 7 | |a IMPERIO ISLAMICO |2 CL-VaPUC |9 316263 | |
| 583 | |a last modification |c 20151016 11:50:00 |k Rodrigo Vera | ||
| 999 | |c 361000 |d 360998 | ||
| 952 | |0 0 |1 0 |3 erd |4 0 |6 297_000000000000000_LEW_2004 |7 0 |8 DER_HDC |9 471291 |a BIBDER |b BIBDER |i 5243335 |o 297 LEW 2004 |p 5243335 |r 2023-01-25 |w 2019-11-24 |x Ubicación 4to Piso |y BK |z Estos recursos deben solicitarse con anticipación |k DER | ||